00675nam a2200241 a 4500001001300000003000900013005001700022008004100039020001000080082001600090100002200106245002500128260002300153300000900176500003500185505002100220650002400241700002200265902000800287942000700295952011600302999001500418nice12345678IN_TiNIC20260116011842.0050524s1961 lona grp 000 0 eng  ac10000a248.32bNOR aNorthcott, Hubert aMan, God, and Prayer aLondonbSpckc1961 a210p aincludes index and biblioraphy2 aIndex of Persons aPrayer-Christianity1 aNorthcott, Hubert bSRS cBK 001040708StackRoom-aHMIbHMId2007-07-06g100.00l0o248.32 NORp08912r2007-07-06v100.00w2005-05-24yBK c4449d4449